| 000 | 00333nam a22001457a 4500 | ||
|---|---|---|---|
| 003 | SGT | ||
| 020 | _a938426699-X | ||
| 082 |
_a611 _bARO |
||
| 100 | _aARORA, DR. NAMITA | ||
| 245 | _aHUMAN ANATOMY AND PHYSIOLOGY | ||
| 260 |
_aINDIA _bBIRLA PUB _c2027 |
||
| 300 | _a203 | ||
| 650 | _aHUMAN ANATOMY AND PHYSIOLOGY | ||
| 942 |
_2ddc _cBK |
||
| 999 |
_c33008 _d33008 |
||